[Event "Titled Tuesday intern op 7th Mar Early"]
[Site "Chess.com INT"]
[Date "2023.03.07"]
[Round "6"]
[White "Vargas Rodriguez, Wilver"]
[Black "Chakravarthi, Reddy M"]
[Result "0-1"]
[WhiteElo "2332"]
[BlackElo "2278"]
[PlyCount "100"]
[EventDate "2023.03.07"]
[EventType "swiss (blitz)"]
[EventRounds "11"]
[EventCountry "USA"]
[SourceTitle "EXT 2024"]
[Source "ChessBase"]
[SourceDate "2023.10.10"]
[SourceVersion "1"]
[SourceVersionDate "2023.10.10"]
[SourceQuality "1"]

1. e4 g6 2. h4 d5 3. e5 Bg7 4. d4 c5 5. c3 Nc6 6. h5 cxd4 7. hxg6 hxg6 8. Rxh8 Bxh8 9. cxd4 Qb6 10. Nc3 Be6 11. Nf3 f6 12. Bd3 0-0-0 13. exf6 Bxf6 14. Qb3 Nxd4 15. Qxb6 Nxf3+ 16. gxf3 axb6 17. Bxg6 Bg7 18. Bf4 Nf6 19. 0-0-0 d4 20. Nb5 Nd5 21. Bg3 Nb4 22. a3 Bh6+ 23. f4 Nc6 24. Kb1 Bc4 25. a4 Bxb5 26. axb5 Na7 27. Bf5+ Kb8 28. Bd3 Rd5 29. Re1 Nxb5 30. Rxe7 Ka7 31. Be4 Rc5 32. Bxb7 Rc7 33. Rxc7 Nxc7 34. Be4 Bg7 35. f5 Ne8 36. Kc2 b5 37. Kd3 Kb6 38. f3 Kc5 39. Bf2 Nd6 40. f4 Bf6 41. b4+ Kxb4 42. Bxd4 Ne8 43. Bc6 Nd6 44. Bxf6 Nxf5 45. Be5 Kc5 46. Bd7 Ne7 47. Ke4 b4 48. Bg4 b3 49. Bb2 Kd6 50. Ba3+ Kc6 0-1

[Event "Titled Tuesday intern op 28th Feb Early"]
[Site "Chess.com INT"]
[Date "2023.02.28"]
[Round "3"]
[White "Chakravarthi, Reddy M"]
[Black "Ardila, Oscar Humberto"]
[Result "0-1"]
[WhiteElo "2282"]
[BlackElo "1982"]
[PlyCount "124"]
[EventDate "2023.02.28"]
[EventType "swiss (blitz)"]
[EventRounds "11"]
[EventCountry "USA"]
[SourceTitle "CBM 213 Extra"]
[Source "ChessBase"]
[SourceDate "2023.05.31"]
[SourceVersion "1"]
[SourceVersionDate "2023.05.31"]
[SourceQuality "1"]

1. c4 Nf6 2. Nc3 g6 3. d4 Bg7 4. e4 d6 5. Nf3 0-0 6. Be2 Nbd7 7. 0-0 c6 8. Re1 Qc7 9. Qc2 e5 10. h3 Re8 11. Be3 a5 12. dxe5 dxe5 13. Red1 b6 14. Rd2 Nc5 15. Rad1 Ne6 16. Na4 c5 17. Nc3 Nd4 18. Bxd4 exd4 19. Nb5 Qf4 20. e5 Bf5 21. Bd3 Ne4 22. Nc7 Nxd2 23. Qxd2 Qxd2 24. Rxd2 Bxd3 25. Rxd3 Rad8 26. Nxe8 Rxe8 27. Rb3 Re6 28. Kf1 h6 29. Rd3 Bxe5 30. a3 Bd6 31. b4 axb4 32. axb4 f5 33. g4 Kf7 34. b5 Kf6 35. Ra3 fxg4 36. hxg4 h5 37. gxh5 gxh5 38. Ra6 Bf4 39. Ra8 d3 40. Rd8 d2 41. Nxd2 Bxd2 42. Rxd2 Kf5 43. Rd5+ Kg4 44. Kg2 h4 45. f3+ Kf4 46. Rh5 Re2+ 47. Kh3 Kxf3 48. Rxh4 Re1 49. Kh2 Re2+ 50. Kg1 Re4 51. Rh3+ Ke2 52. Rc3 Kd2 53. Ra3 Rg4+ 54. Kf2 Rxc4 55. Ra6 Rb4 56. Rxb6 c4 57. Rd6+ Kc2 58. b6 c3 59. Ke2 Kb1 60. Rd1+ Kb2 61. Rd6 c2 62. Rd2 Kb1 0-1

[Event "Titled Tuesday intern op 21st Feb Early"]
[Site "Chess.com INT"]
[Date "2023.02.21"]
[Round "6"]
[White "Chakravarthi, Reddy M"]
[Black "Wadsworth, Matthew J"]
[Result "0-1"]
[WhiteElo "2282"]
[BlackElo "2469"]
[PlyCount "90"]
[EventDate "2023.02.21"]
[EventType "swiss (blitz)"]
[EventRounds "11"]
[EventCountry "USA"]
[SourceTitle "CBM 212 Extra"]
[Source "ChessBase"]
[SourceDate "2023.03.31"]
[SourceVersion "1"]
[SourceVersionDate "2023.03.31"]
[SourceQuality "1"]

1. e4 e6 2. d4 d5 3. e5 c5 4. c3 Nc6 5. Nf3 Qb6 6. Be2 cxd4 7. 0-0 dxc3 8. Nxc3 Bd7 9. h4 a6 10. Re1 Nge7 11. Bd3 Ng6 12. h5 Bc5 13. hxg6 Bxf2+ 14. Kf1 hxg6 15. Ke2 Bxe1 16. Qxe1 Nd4+ 17. Nxd4 Qxd4 18. Qg3 Qh4 19. Bf4 Qxg3 20. Bxg3 b5 21. a3 Ke7 22. Rf1 g5 23. Ke3 Rac8 24. Ne2 f5 25. exf6+ gxf6 26. Nd4 f5 27. Be5 Rh4 28. Nf3 Rg4 29. Rh1 Rxg2 30. Rh7+ Kd8 31. Nd4 Rc1 32. Rh8+ Ke7 33. Rh7+ Ke8 34. Rh8+ Kf7 35. Rh7+ Kg6 36. Rxd7 Re1+ 37. Ne2 d4+ 38. Kd2 Rexe2+ 39. Bxe2 f4 40. Bxd4 f3 41. Rg7+ Kh6 42. Rf7 Rxe2+ 43. Kd1 g4 44. Rg7 e5 45. Bc3 Kxg7 0-1

[Event "Titled Tuesday intern op 21st Feb Early"]
[Site "Chess.com INT"]
[Date "2023.02.21"]
[Round "2"]
[White "Paravyan, David"]
[Black "Chakravarthi, Reddy M"]
[Result "1-0"]
[WhiteElo "2586"]
[BlackElo "2282"]
[PlyCount "41"]
[EventDate "2023.02.21"]
[EventType "swiss (blitz)"]
[EventRounds "11"]
[EventCountry "USA"]
[SourceTitle "CBM 212 Extra"]
[Source "ChessBase"]
[SourceDate "2023.03.31"]
[SourceVersion "1"]
[SourceVersionDate "2023.03.31"]
[SourceQuality "1"]

1. d4 d5 2. c4 c6 3. Nf3 Nf6 4. e3 Nbd7 5. cxd5 cxd5 6. Nc3 g6 7. Bd3 Bg7 8. 0-0 0-0 9. h3 a6 10. b3 Re8 11. Bb2 b6 12. Rc1 Bb7 13. Qc2 Rc8 14. Qb1 Rc7 15. Rc2 Qa8 16. Rfc1 Rec8 17. Na4 b5 18. Rxc7 Rxc7 19. Rxc7 bxa4 20. bxa4 Ne8 21. Rxd7 1-0